| 000 | 00597nam a2200205Ia 4500 | ||
|---|---|---|---|
| 003 | GCL | ||
| 008 | 140319s9999 xx 000 0 eng d | ||
| 040 |
_aGCL / _cGCL |
||
| 082 | 0 | 4 |
_a330.9 _bF G |
| 100 | 1 | _aFISHER, JAMES S. | |
| 245 | 1 | 0 |
_aGEOGRAPHY AND DEVELOPMENT WORLD REGIONAL APPROACH: 4th ed / _cFISHER, JAMES S. |
| 260 |
_a[S.N] : _bMACMILLAN PUBLBISHING COMPANY ، _c1992 |
||
| 300 | _a727 P | ||
| 650 | 0 | 4 | _aECONOMIC CONDITIONS |
| 650 | 0 | 4 | _aECONOMIC DEVELOPMENT |
| 650 | 0 | 4 | _aECONOMIC HISTORY |
| 650 | 0 | 4 | _aECONOMIC GEOGRAPHY |
| 650 | 0 | 4 | _aDEVELOPING COUNTRIES |
| 942 |
_2ddc _cBK |
||
| 999 |
_c10996 _d10996 |
||